[Event "FIDE Chesscom Grand Swiss 2021"]
[Site "Riga"]
[Date "2021.11.03"]
[Round "7.38"]
[White "Antipov, Mikhail Al."]
[Black "Gukesh D"]
[Result "1/2-1/2"]
[WhiteElo "2619"]
[BlackElo "2640"]
[Annotator "TA"]
[PlyCount "129"]
[EventDate "2021.10.27"]
[EventType "swiss"]
[EventCountry "LAT"]
[Tiebreak "Cut1 Buchholz+Sonneborn-Berger (Swiss)"]
[SourceTitle "playchess.com"]
[Source "ChessBase"]
[SourceQuality "1"]

{[%evp 9,129,22,23,22,26,19,29,18,18,2,18,22,16,0,0,0,11,-1,6,0,22,0,0,-14,0,0,
0,0,0,0,0,0,0,0,-3,-6,-4,-10,0,-58,-50,-71,-39,-29,-26,-103,-37,-38,0,-20,-20,
-53,-24,-35,0,0,0,0,-3,-116,-123,-125,-143,-191,-194,-181,-171,-147,-67,-68,
-68,-100,-81,-143,-143,-217,-222,-208,-215,-185,-145,-161,-39,-39,-39,-39,-39,
-39,-39,-39,-8,-23,0,0,0,0,0,0,0,0,0,0,0,0,0,0,0,0,0,0,0,0,0,0,0,0,0,0,0,0,0,0]
} 1. e4 c5 2. Nf3 Nc6 3. Nc3 e5 4. Bc4 Be7 5. d3 d6 6. a4 {B30: Sicilian: 2...
Nc6 3 Bb5, lines without ...g6.} Nf6 7. Bg5 {[#]} Nb4 $146 ({Predecessor:} 7...
O-O 8. Bxf6 Bxf6 9. Nd5 Be6 10. c3 Rb8 11. Qd2 Bxd5 12. Bxd5 Ne7 13. Bb3 d5 14.
exd5 Nxd5 {0-1 (48) Antipov,M (2619)-Timofeev,A (2586) Sochi 2021}) 8. Ne2 {
White has an edge.} O-O 9. Ng3 Be6 10. c3 Nc6 {[%cal Bb4c6,Bc6e7,Be7g6,Bg6f4]
[%mdl 32]} 11. Bxf6 Bxf6 12. O-O b6 13. Bb5 Ne7 14. Bc4 Rb8 15. Qb3 Bg4 16. Ne1
Ng6 17. Nc2 Nf4 18. Ne3 Be6 19. Qd1 Bg5 20. Qf3 g6 21. Ne2 Nh5 22. Rad1 Qd7 23.
b3 Kg7 24. d4 (24. Ng3 $11) 24... Bxe3 $15 25. fxe3 {Hoping for dxe5.} Bg4 26.
Qf2 Qe7 27. dxc5 (27. h3 $11 Be6 28. dxe5 dxe5 29. Bd5) 27... dxc5 (27... bxc5
$17 28. Rd2 Be6) 28. Rd2 h6 29. Ng3 Nf6 30. Qe1 Rbd8 31. Bd5 h5 32. h3 h4 33.
Nh1 ({Much worse is} 33. hxg4 hxg3 34. Rxf6 Qxf6 $19) 33... Be6 {[%cal Rf6d5]}
34. Bxe6 (34. c4 $1 $11 {remains equal.}) 34... Rxd2 $17 35. Qxd2 {Black must
now prevent Bd5.} Qxe6 36. Nf2 Qxb3 37. Qd6 Re8 $36 {[%mdl 2048] White is
under strong pressure.} ({Not} 37... Qxc3 38. Qxf6+ $1 Kxf6 39. Nd1+ Ke6 40.
Nxc3 $16) 38. Qc7 a5 ({Black should play} 38... Qxa4 $17 39. Ng4 Nd7) 39. Ng4
$1 $15 {[%cal Rg4f6]} Nxg4 40. hxg4 {[%mdl 4096] Endgame KQR-KQR} Qe6 41. g5 {
[#]} (41. Kh2 $142) 41... Re7 $1 $17 {[%cal Re7c7]} 42. Qd8 {[#]} (42. Qb8 $17
{was necessary.}) 42... Rd7 $1 $19 {[%cal Rd7d8]} 43. Qf6+ Qxf6 44. Rxf6 {KR-KR
} Rd3 45. Rxb6 Rxc3 (45... Rxe3 $19 46. Rb5 Rxe4 47. Rxa5 Rc4) 46. Rb5 $15 Rxe3
47. Rxa5 Rxe4 {And now ...Rc4 would win.} 48. Rxc5 Rxa4 {...e4 is the strong
threat.} 49. Rxe5 Rf4 50. Kh2 Rf5 51. Rxf5 {The position is equal.} gxf5 $11 {
K3P-KPP} 52. Kh3 Kh7 53. Kxh4 {KPP-KPP} Kg6 54. Kg3 $1 Kxg5 {( -> ...f4+).
KPP-KP} 55. Kf3 Kf6 (55... f4 $5 56. Ke4 $8 Kg4 $11) 56. Kf4 Ke6 57. Kg5 Ke5
58. Kh6 Kf6 (58... Kf4 {with more complications.} 59. Kh5 Kg3 60. Kg5 f4 61.
Kf5 f6) 59. Kh5 f4 (59... Ke7 {looks sharper.} 60. Kh4 Kd6 61. Kg5 Ke6 62. Kh5
Kf6) 60. Kg4 Ke5 61. Kg5 f6+ 62. Kg6 Ke6 63. Kh6 Kd6 64. Kg7 Ke5 65. Kg6 {
Weighted Error Value: White=0.13/Black=0.12} 1/2-1/2

[Event "FIDE Chesscom Grand Swiss 2021"]
[Site "Riga"]
[Date "2021.11.03"]
[Round "7.39"]
[White "Ganguly, Surya Shekhar"]
[Black "Abasov, Nijat"]
[Result "1/2-1/2"]
[WhiteElo "2617"]
[BlackElo "2638"]
[Annotator "TA"]
[PlyCount "66"]
[EventDate "2021.10.27"]
[EventType "swiss"]
[EventCountry "LAT"]
[Tiebreak "Cut1 Buchholz+Sonneborn-Berger (Swiss)"]
[SourceTitle "playchess.com"]
[Source "ChessBase"]
[SourceQuality "1"]

{[%evp 11,66,10,17,18,18,16,4,2,57,40,55,53,44,54,52,8,8,14,9,8,8,10,9,15,15,
25,21,0,0,0,0,0,85,83,82,0,0,0,0,0,0,0,0,0,0,0,0,0,0,0,0,0,0,0,0,0,0]} 1. d4 d5
2. c4 e6 3. Nf3 Nf6 4. g3 dxc4 5. Bg2 Bb4+ 6. Bd2 a5 7. Qc2 {E04: Open Catalan:
5 Nf3.} Bxd2+ 8. Qxd2 c6 9. a4 b5 (9... Ne4 $11 10. Qc2 Nd6) 10. axb5 $14 {
10.Na3 is vanishing.} cxb5 11. Qg5 O-O 12. Qxb5 Ba6 13. Qxa5 Bb7 $1 $36 {
[%mdl 2048] Black has the initiative.} 14. Qxd8 Rxa1 {[#]} 15. Qxf8+ Kxf8 16.
O-O Ra2 17. Ne5 Ba6 18. Rc1 Rxb2 {[#]} 19. Na3 $146 ({Predecessor:} 19. e3 Nbd7
20. Nxd7+ Nxd7 21. Nc3 Rb3 22. Kf1 e5 23. Ke1 exd4 24. exd4 Nf6 25. h3 {
1/2-1/2 (73) Ju,W (2583)-Cramling,P (2470) Lausanne 2020}) 19... Rxe2 20. Naxc4
Bxc4 21. Rxc4 {[#] aiming for Rc8+.} Nbd7 (21... Re1+ $11 22. Bf1 Nbd7) 22.
Rc8+ ({Much weaker is} 22. Bf1 $6 Rb2 $11) 22... Ke7 23. Rc7 (23. Kf1 $16 Rb2
24. Bc6 Nxe5 25. dxe5) 23... Kd6 {The position is equal.} 24. Rc6+ Ke7 25. Rc7
Kd6 26. Ra7 (26. Rc6+ {looks sharper.}) 26... Nxe5 27. dxe5+ Kxe5 28. Rxf7 $11
{[%mdl 4096] Endgame KRB-KRN} g5 29. Bf1 Rd2 30. f4+ Kf5 31. fxg5 Kxg5 32. Re7
Rd6 33. Bh3 Rd1+ {Weighted Error Value: White=0.06/Black=0.08} 1/2-1/2

[Event "FIDE Chesscom Grand Swiss 2021"]
[Site "Riga"]
[Date "2021.11.03"]
[Round "7.40"]
[White "Erigaisi Arjun"]
[Black "Zvjaginsev, Vadim"]
[Result "1-0"]
[WhiteElo "2634"]
[BlackElo "2609"]
[Annotator "TA"]
[PlyCount "87"]
[EventDate "2021.10.27"]
[EventType "swiss"]
[EventCountry "LAT"]
[Tiebreak "Cut1 Buchholz+Sonneborn-Berger (Swiss)"]
[SourceTitle "playchess.com"]
[Source "ChessBase"]
[SourceQuality "1"]

{[%evp 18,87,39,36,73,70,76,70,70,74,81,100,114,77,91,87,100,100,100,100,100,
100,99,84,101,14,14,0,97,90,123,123,164,145,181,170,162,162,300,312,306,312,
359,356,422,406,481,441,480,505,480,485,502,502,502,485,502,502,502,502,502,
494,545,545,706,714,643,425,912,710,648,618]} 1. d4 Nf6 2. Nf3 g6 3. c4 Bg7 4.
Nc3 O-O 5. e4 d6 6. h3 c5 7. d5 e6 8. Bd3 exd5 9. exd5 Re8+ 10. Be3 Rxe3+ {
The modern move. E90: King's Indian: Classical: Early deviations and 6 h3.} 11.
fxe3 Qe7 12. O-O Nbd7 {White is slightly better.} 13. Qd2 b6 14. Rae1 {[#]} Bb7
$146 ({Predecessor:} 14... Ba6 15. b3 Ne5 16. Nxe5 Qxe5 17. Nd1 Re8 18. Rf3 Qe7
19. Ref1 Rf8 20. Kh1 Nd7 {1/2-1/2 (49) Postny,E (2615)-Morozevich,A (2656) St
Petersburg 2018}) 15. g4 h6 16. Qh2 Nh7 17. Ne4 Ne5 18. Nxe5 Bxe5 19. Qg2 Rf8
20. Re2 {[%cal Be1e2,Be2f2,Bf2f3][%mdl 32]} Bc8 21. a3 (21. Ref2 $16) 21... Qh4
$11 22. Ref2 Kg7 {[#]} (22... h5 $1 $11 {keeps the balance.}) 23. Rf3 $1 $16 {
Black is now going downhill.} Ng5 24. Nxg5 hxg5 25. b4 f6 26. bxc5 bxc5 27. Rb1
f5 {[#]} (27... Rf7 $142 28. Qc2 Qh7) 28. Qf2 $1 $18 Qxf2+ 29. Kxf2 f4 30. Rb8
Bc3 31. Ra8 a6 32. exf4 {White is clearly winning.} gxf4 33. g5 Bd4+ 34. Ke2
Be3 35. Ra7+ Rf7 36. Rxf7+ Kxf7 {[%mdl 4096] Endgame KRB-KB} 37. Be4 a5 38. Kd3
Bd7 39. h4 Ba4 40. Rf1 Bb3 41. Rb1 a4 42. Rh1 Ba2 (42... Bf2 $142 43. Bf3 Kf8)
43. Bf3 Bd4 44. Bd1 {Weighted Error Value: White=0.14/Black=0.27} 1-0

[Event "FIDE Chesscom Grand Swiss 2021"]
[Site "Riga"]
[Date "2021.11.03"]
[Round "7.41"]
[White "Kovalev, Vladislav"]
[Black "Kuybokarov, Temur"]
[Result "0-1"]
[WhiteElo "2634"]
[BlackElo "2549"]
[Annotator "TA"]
[PlyCount "92"]
[EventDate "2021.10.27"]
[EventType "swiss"]
[EventCountry "LAT"]
[Tiebreak "Cut1 Buchholz+Sonneborn-Berger (Swiss)"]
[SourceTitle "playchess.com"]
[Source "ChessBase"]
[SourceQuality "1"]

{[%evp 16,92,23,13,40,0,6,2,8,10,9,-29,-30,-24,-20,-19,-4,-8,0,-7,-1,-20,6,3,
10,0,8,16,22,17,23,23,25,35,31,24,32,11,13,5,5,8,7,5,8,8,8,0,0,0,0,-119,0,-77,
-68,-74,-70,-113,-118,-244,-236,-216,-193,-297,-290,-277,-276,-475,-470,-468,
-468,-468,-468,-468,-454,-803,-669,-788,-677]} 1. e4 e5 2. Nf3 Nc6 3. Bb5 a6 4.
Ba4 Nf6 5. O-O Bc5 6. c3 b5 7. Bb3 d6 8. a4 Bg4 9. h3 Bh5 {C78: Ruy Lopez:
Archangelsk and Möller Defences.} 10. d3 Na5 11. Ba2 b4 $1 {The position is
equal.} 12. Nbd2 O-O 13. Nc4 Nxc4 14. Bxc4 bxc3 15. bxc3 {[%cal Bb2c3,Bc3d4,
Bd4c5][%mdl 32]} c6 {[#]} 16. d4 $146 ({Predecessor:} 16. g4 Bg6 17. Bg5 d5 18.
Ba2 dxe4 19. Nxe5 exd3 20. Nxg6 hxg6 21. Qf3 Qc7 22. Rad1 {1/2-1/2 (35) Adams,
M (2744)-Caruana,F (2787) London 2015}) 16... Bxf3 17. gxf3 exd4 18. cxd4 Bb6
19. Be2 c5 20. a5 Bxa5 21. dxc5 $1 Bc3 22. Rxa6 Rxa6 23. Bxa6 dxc5 24. Qxd8
Rxd8 25. Be3 Bd4 26. Rd1 Kf8 27. Bc4 Ke7 28. Rb1 Nd7 29. Rb7 Rb8 30. Ra7 f6 31.
Bf4 Be5 32. Bd2 Rb2 33. Ba5 (33. Be3 $11 {remains equal.}) 33... Bd4 ({Black
should play} 33... Bb8 $1 $17 {[%cal Rb8a7]} 34. Ra8 Ne5) 34. Ra8 (34. f4 $11)
34... Ne5 $1 $17 {[%cal Re5c4]} (34... Rxf2 $2 35. Bd8+ Kd6 36. Ra6+ Nb6 37.
Rxb6+ $18) 35. Ra7+ Ke8 $1 36. Ra8+ Kd7 $1 37. Ra7+ {[#] This costs White the
game.} (37. Bd5 $17) 37... Kc6 $1 $19 38. Bd5+ Kb5 39. f4 (39. Bc7 $142) 39...
Nf3+ ({Worse is} 39... Rxf2 40. fxe5 c4 41. Ra8 $11) ({Weaker is} 39... Bxf2+
40. Kf1 $17) 40. Kg2 Nh4+ ({Don't take} 40... Rxf2+ 41. Kg3 $19) 41. Kg3 $2 (
41. Kh2 c4 42. Ra8 Bxf2 43. Bd8 Be1+ 44. Kh1) 41... Bxf2+ {Black is clearly
winning.} 42. Kg4 {[#] aiming for Rb7+.} g6 $1 {[%csl Gg6][%cal Rh7h5]} 43.
Rxh7 {Strongly threatening Rb7+.} Kxa5 44. Ra7+ Kb4 45. e5 (45. Rb7+ $142 Kc3
46. Rxb2 Kxb2 47. e5 fxe5 48. fxe5) 45... Rd2 {And now ...Rd1 would win.} 46.
Rb7+ Kc3 {Weighted Error Value: White=0.45/Black=0.05} 0-1

[Event "FIDE Chesscom Grand Swiss 2021"]
[Site "Riga"]
[Date "2021.11.03"]
[Round "7.42"]
[White "Moussard, Jules"]
[Black "Nguyen, Thai Dai Van"]
[Result "1/2-1/2"]
[WhiteElo "2632"]
[BlackElo "2577"]
[Annotator "TA"]
[PlyCount "86"]
[EventDate "2021.10.27"]
[EventType "swiss"]
[EventCountry "LAT"]
[Tiebreak "Cut1 Buchholz+Sonneborn-Berger (Swiss)"]
[SourceTitle "playchess.com"]
[Source "ChessBase"]
[SourceQuality "1"]

{[%evp 16,86,44,0,36,31,24,12,13,15,27,0,0,7,8,10,10,0,0,0,0,0,0,0,0,0,0,-22,
-37,-129,0,0,0,-69,0,0,10,0,0,-18,-14,-10,-10,-16,-12,-14,0,0,0,0,0,0,0,0,0,0,
0,0,0,0,0,0,0,0,0,0,0,0,0,0,0,0,0]} 1. e4 e5 2. Nf3 Nf6 3. Nxe5 d6 4. Nf3 Nxe4
5. d4 d5 6. Bd3 Bd6 7. O-O O-O 8. c4 c6 9. Qc2 h6 {C42: Petroff Defence: 3
Nxe5 and unusual White 3rd moves.} 10. Re1 Be6 {[#]} 11. b3 $146 ({Predecessor:
} 11. cxd5 cxd5 12. Bxe4 dxe4 13. Qxe4 Bd5 14. Qg4 Qd7 15. Qxd7 Nxd7 16. Nc3
Bxf3 17. gxf3 {1/2-1/2 (54) Anand,V (2753)-Aronian,L (2773) Chess.com INT 2020}
) 11... Bb4 12. Nbd2 Nd7 13. Bxe4 dxe4 14. Qxe4 Bc3 $1 {[%cal Rc3a1]} 15. Rb1
Qa5 $1 16. Qf4 (16. c5 {is more complex.} Qxa2 17. Qd3 Bb4 18. Re3 Nf6 19. Re2)
16... Qxa2 17. Re3 Bxd2 18. Nxd2 {[#] d5! is the strong threat.} Qc2 19. Ra1
Rfd8 20. Nf3 b5 21. d5 cxd5 22. h3 ({Better is} 22. cxb5 $15 d4 23. Ne1 (23.
Qxd4 Nc5 $15)) 22... Nf8 (22... bxc4 $6 23. Nd4 $11) ({Black should try} 22...
dxc4 $17 23. Ba3 Nf8 24. Bxf8 Rxf8) 23. cxb5 $11 d4 24. Qe4 Qxe4 ({Reject} 
24... Bxb3 $6 25. Nxd4 Qd1+ 26. Kh2 $11) (24... d3 $15) 25. Rxe4 {The position
is equal.} d3 26. Be3 Bd5 27. Re7 Bxf3 28. gxf3 Rab8 29. Rexa7 Rxb5 30. Ra8
Rbb8 (30... Rxa8 {keeps more tension.} 31. Rxa8 f6 32. Rd8 Rxb3 33. Bc5 d2) 31.
Rxb8 Rxb8 {[%mdl 4096] Endgame KRB-KRN} 32. Rb1 Ng6 33. b4 {[%cal Bb3b4,Bb4b5,
Bb5b6][%mdl 32]} Nh4 34. b5 d2 35. b6 $1 Nxf3+ 36. Kf1 {Strongly threatening
Ke2.} Ne5 $1 37. Bxd2 {Black must now prevent b7.} Nc4 $1 {[%csl LRb6,LRd2]
[%mdl 64] [#] Double Attack} 38. Be3 Nxe3+ 39. fxe3 Kf8 40. Ke2 Ke7 41. Kd3 {
Black should prevent Kc4.} Kd6 42. Kc4 {And now Kb5 would win.} Kc6 43. Rg1 Rg8
{Weighted Error Value: White=0.14/Black=0.08} 1/2-1/2

[Event "FIDE Chesscom Grand Swiss 2021"]
[Site "Riga"]
[Date "2021.11.03"]
[Round "7.43"]
[White "Pichot, Alan"]
[Black "Suleymanli, Aydin"]
[Result "1/2-1/2"]
[WhiteElo "2628"]
[BlackElo "2541"]
[Annotator "TA"]
[PlyCount "83"]
[EventDate "2021.10.27"]
[EventType "swiss"]
[EventCountry "LAT"]
[Tiebreak "Cut1 Buchholz+Sonneborn-Berger (Swiss)"]
[SourceTitle "playchess.com"]
[Source "ChessBase"]
[SourceQuality "1"]

{[%evp 9,83,11,21,11,20,-17,-34,-33,43,26,30,28,39,37,98,56,149,128,237,110,
133,102,102,95,93,86,86,81,89,81,79,72,90,39,41,40,39,38,45,46,66,21,32,-8,15,
20,51,49,42,32,31,29,32,25,36,22,33,40,38,32,42,16,22,10,29,0,0,0,0,0,0,0,0,0,
0,-33]} 1. e4 c6 2. d4 d5 3. e5 Bf5 4. h4 h5 5. Bd3 Bxd3 6. Qxd3 {B12:
Caro-Kann: Advance Variation.} Qa5+ $1 {[%mdl 4] is more profitable than 6...
e6 at the moment.} 7. b4 Qxb4+ 8. Nd2 {Black is slightly better.} Qb5 (8... e6
$15) 9. c4 $14 dxc4 10. Nxc4 {[#]} Qd5 $146 ({Predecessor:} 10... e6 11. a4 Qa6
12. Ba3 Nd7 13. Bxf8 Kxf8 14. Nf3 Ne7 15. O-O Nb6 16. Rfc1 Rd8 {1-0 (41)
Chigaev,M (2643)-Karjakin,S (2757) Moscow 2021}) 11. Ne2 $36 {[%mdl 3072] [#]
And now Nf4 would win. White has compensation. Black is under pressure.} Na6 (
11... e6 $14) 12. O-O Rd8 (12... Nb4 $14 13. Qb3 e6) 13. Rd1 {Strongly
threatening Nf4.} Nb4 (13... e6 $16 {was called for.}) 14. Qb3 (14. Qc3 $18 {
and the rest is easy.}) 14... b5 $16 15. Qxb4 Qxc4 16. Qxc4 bxc4 17. Be3 e6 18.
Rdc1 Ne7 19. Rxc4 Rb8 20. Rac1 Kd7 21. Nc3 ({White should play} 21. g3 $16)
21... Nf5 $14 22. Ra4 Rb7 23. Bg5 Bb4 24. Ne4 Rhb8 25. Ra6 Rc7 26. Rb1 {
[#] Hoping for a3.} Rcb7 27. g3 Kc7 28. Rc1 Nxd4 {White must now prevent ...
Ne2+.} 29. Rc4 Nf5 30. Rcxc6+ Kd7 31. Rc1 Rc8 32. Rb1 {Threatens to win with
a3.} Rcb8 33. Kg2 Ke8 34. Rb3 Kf8 35. Kh3 Kg8 36. Bf4 Be7 (36... Bf8 {is more
complex.} 37. Rxb7 Rxb7 38. Nd6 Bxd6 39. exd6 f6) 37. Rxa7 Rxb3 {The position
is equal.} 38. axb3 Rxb3 39. Nd6 Nxd6 40. exd6 Bf6 41. Ra5 Rd3 42. Rxh5 {
Black escapes into a draw.  Weighted Error Value: White=0.14/Black=0.15}
1/2-1/2

[Event "FIDE Chesscom Grand Swiss 2021"]
[Site "Riga"]
[Date "2021.11.03"]
[Round "7.44"]
[White "Gelfand, Boris"]
[Black "Bartel, Mateusz"]
[Result "1/2-1/2"]
[WhiteElo "2680"]
[BlackElo "2597"]
[Annotator "TA"]
[PlyCount "84"]
[EventDate "2021.10.27"]
[EventType "swiss"]
[EventCountry "LAT"]
[Tiebreak "Cut1 Buchholz+Sonneborn-Berger (Swiss)"]
[SourceTitle "playchess.com"]
[Source "ChessBase"]
[SourceQuality "1"]

{[%evp 9,84,50,41,43,26,13,25,38,43,32,29,43,96,91,79,27,17,29,31,-37,-25,-24,
-20,-13,-27,-24,-16,-18,-23,-18,-23,-25,-21,-25,-25,-20,-15,-18,-35,-130,-130,
-129,-122,-29970,-29971,-5297,-130,-109,-122,-114,-116,-109,-108,-108,-107,
-115,-25,-25,-25,-25,-26,-27,-26,-26,-26,-40,-26,-55,0,0,0,0,0,0,0,0,0]} 1. d4
Nf6 2. c4 e6 3. Nf3 c5 4. d5 b5 5. e4 Nxe4 6. Bd3 {E10: Blumenfeld Gambit.} Nf6
7. O-O {7.Nc3 is the modern continuation.} (7. cxb5 Nxd5 8. Be4 Bb7 $17) 7...
Be7 {has lost popularity (7...bxc4).} 8. Nc3 {White has an edge.} O-O 9. Nxb5
d6 10. dxe6 fxe6 {[#]} (10... Bxe6 $14 11. Bf4 Nc6) 11. Bf4 $146 ({Predecessor:
} 11. Ng5 h6 12. Ne4 d5 13. Nxf6+ Bxf6 14. Bc2 Nc6 15. Qh5 a6 16. Nc3 Nd4 17.
Bd3 Bb7 18. cxd5 Bxd5 19. Qg6 Nf5 20. Bxf5 exf5 21. Bxh6 Bf7 22. Qg3 {1/2-1/2 
(22) Dankhazi,A (2232)-Kende,G (2101) Balatonalmadi 2015}) 11... Kh8 12. Bc2 (
12. Ng5 $1 $16 {[%cal Rg5h7]} h6 13. Nf3) 12... e5 $11 13. Bg5 {Strongly
threatening Bxf6.} Nc6 14. Nh4 ({White should try} 14. Bxf6 $14 gxf6 15. Qd5)
14... Bg4 15. f3 Be6 16. b3 a6 17. Nc3 Nd4 18. Qd3 e4 19. fxe4 Ng4 20. Rxf8+
Qxf8 21. Bxe7 Qxe7 22. Nf3 Rf8 {Threatens to win with ...Nxf3+.} 23. Nxd4 cxd4
$40 {[%mdl 128] Black has some attack.} 24. Qxd4 (24. Nd5 $1 $15 Qg5 25. e5)
24... Qh4 $17 {[%csl Gg4][%cal Rh4h2]} 25. h3 {[#]} Nf2 {[%cal Rf2h3]} 26. Ne2
$2 {[%mdl 8192]} (26. Qxd6 $2 Nxh3+ 27. gxh3 Qf2+ 28. Kh1 Qf3+ 29. Kg1 Qe3+ 30.
Kh1 Rf2 $19) (26. Qe3 $17 Nxh3+ 27. gxh3 Bxh3 28. Ne2 Qg4+ 29. Qg3 (29. Ng3 Rf3
{[%mdl 64] Double Attack} 30. Qf2 Rxg3+ 31. Kh1 Bg2+ {[%mdl 64] Double Attack}
32. Kg1 Bf3+ 33. Kf1 Qh4 34. Qxg3 Qxg3 35. Bd1 Qg2+ 36. Ke1 Qg1+ 37. Kd2 Qd4+ {
[%mdl 64] Double Attack} 38. Ke1 Qxa1 39. Kd2 Qd4+ 40. Kc1 Qc3+ 41. Bc2 Bxe4
42. Kd1 Qxc2+ {[%mdl 64] Double Attack} 43. Ke1 Bd3 44. b4 Qe2#) 29... Qxe2 30.
Qxh3 Qf2+ 31. Kh1) 26... Nxh3+ $1 27. gxh3 Bxh3 $2 (27... Rf3 $19 {and Black
stays clearly on top. ( -> ...Qg5+)} 28. Qd3 Qf2+ 29. Kh1 Rxd3 30. Bxd3 Qf3+ {
[%mdl 64] Double Attack} 31. Kg1 Bxh3) 28. Qe3 {Black must now prevent Ng3.}
Qg4+ 29. Qg3 {aiming for Qxg4.} ({Not} 29. Ng3 $2 Rf3 $19) 29... Qxe2 30. Qxh3
Qf2+ ({Of course not} 30... Qxc2 $6 31. Rf1 $11) 31. Kh1 Qxc2 {[%mdl 4096]
Endgame KQR-KQR} 32. Qg2 {[#]} Rf2 (32... Qd3 $1 $17 33. Rg1 g6) 33. Rf1 $11
Rxf1+ ({Inferior is} 33... Rxg2 34. Rf8#) 34. Qxf1 {[%cal Rf1f8]} Qxe4+ {KQ-KQ}
35. Kg1 {[%cal Rf1f8]} Kg8 (35... Qg6+ {feels hotter.} 36. Kh2 Kg8 37. Qf3 Qh6+
38. Kg2 Qg5+) 36. b4 $1 Qd4+ 37. Kh1 $1 d5 38. b5 Qe4+ ({Black should play} 
38... dxc4 $15 39. bxa6 c3) 39. Qg2 {And now Qxe4 would win.The position is
equal.} Qxc4 40. bxa6 Qc1+ 41. Kh2 Qh6+ 42. Kg1 Qb6+ {White happily takes the
draw.  Weighted Error Value: White=0.23/Black=0.26} 1/2-1/2

[Event "FIDE Chesscom Grand Swiss 2021"]
[Site "Riga"]
[Date "2021.11.03"]
[Round "7.45"]
[White "Adhiban, B.."]
[Black "Georgiev, Kiril"]
[Result "1/2-1/2"]
[WhiteElo "2672"]
[BlackElo "2577"]
[Annotator "TA"]
[PlyCount "240"]
[EventDate "2021.10.27"]
[EventType "swiss"]
[EventCountry "LAT"]
[Tiebreak "Cut1 Buchholz+Sonneborn-Berger (Swiss)"]
[SourceTitle "playchess.com"]
[Source "ChessBase"]
[SourceQuality "1"]

{[%evp 14,240,0,-9,20,14,23,17,27,-7,-5,-7,-7,-7,-4,-4,-6,-9,-7,-2,-4,-15,-15,
-13,-12,-14,-13,-10,-12,-9,-6,-6,0,-26,0,0,0,0,0,0,0,0,0,0,0,0,0,0,0,-75,-75,
-68,-72,-73,-68,-71,0,-6,0,0,0,0,0,0,0,0,0,0,0,0,0,0,0,0,0,0,8,8,8,8,29,29,68,
68,68,68,68,68,68,68,68,22,68,68,68,68,68,68,68,45,45,45,45,45,45,45,45,45,45,
45,45,45,45,45,45,45,45,45,45,45,45,45,45,0,45,45,45,45,45,45,45,45,45,45,45,
45,45,45,45,22,22,17,17,17,17,0,0,0,0,0,0,0,8,0,0,0,0,0,0,0,0,0,0,0,0,0,0,0,0,
0,0,0,0,0,0,0,0,0,0,0,0,0,0,0,0,0,0,0,0,0,0,0,0,0,0,0,0,0,0,0,0,0,0,0,0,0,0,0,
0,0,0,0,0,0,0,0,0,0,0,0,0,0,0,0,0,0,0,0,0]} 1. d4 Nf6 2. c4 e6 3. Nc3 d5 4. Bg5
Be7 5. cxd5 Nxd5 6. Bxe7 Qxe7 7. Nf3 $1 {[%mdl 4] is recently more successful
than 7.e4.} O-O 8. e3 Nf6 {[#] D53: Queen's Gambit Declined: 4 Bg5 Be7: Early
deviations.} 9. Be2 $146 ({Predecessor:} 9. Bd3 c5 10. dxc5 Rd8 11. a3 Nc6 12.
O-O e5 13. Qc2 Rxd3 14. Qxd3 e4 15. Nxe4 Nxe4 16. b4 {1/2-1/2 (34) Barreras
Garcia,A (2410)-Schumacher,H (2308) ICCF email 2006}) 9... c5 10. O-O Nc6 11.
Ne5 Rd8 {White must now prevent ...Nxe5.} 12. Nxc6 bxc6 13. Qa4 cxd4 14. exd4
Rb8 15. Rab1 c5 16. dxc5 Qxc5 17. Bf3 Bb7 18. Bxb7 Rxb7 19. Rfd1 Rdb8 20. Ne4
Nxe4 21. Qxe4 g6 22. b3 Rc7 23. Rd2 Qc3 24. Qe2 Rbc8 25. Rbd1 Qf6 26. h3 h5 27.
g3 Kg7 28. h4 Rc5 29. Kg2 a5 30. Rd4 Rc2 31. R1d2 {[#]} (31. R4d2 $11 {remains
equal.} Qf5 32. Rxc2 Rxc2 33. Rd2) 31... Rxa2 $1 $17 32. Rxa2 Qxd4 33. Rxa5 {
[%mdl 4096] Endgame KQR-KQR} Rc3 34. Rb5 {[#]} Kf6 (34... Kh7 $1 $17) 35. Kh2
e5 36. b4 e4 37. Qb2 Rd3 38. Rb6+ Kg7 39. Qxd4+ Rxd4 $11 {KR-KR} 40. Kg2 Rd2
41. Kf1 Rb2 42. b5 f6 43. Rb7+ Kh6 44. Rf7 Rb1+ 45. Ke2 Rb2+ 46. Ke3 {With the
idea Rb7.} Rb3+ 47. Kd4 Rxb5 48. Rxf6 Kg7 49. Rf4 Rb4+ 50. Ke5 Ra4 51. Rxe4
Ra5+ 52. Ke6 Ra6+ 53. Kd5 Ra2 54. Rf4 $1 Re2 55. Kd4 Kg8 56. f3 Kg7 57. Re4 Rg2
58. Ke3 Kf6 59. Rf4+ Kg7 60. Rd4 Ra2 61. Kf4 Ra5 62. Ke4 Ra3 63. Rd5 Kf6 64.
Rd6+ Kg7 65. Kf4 Ra5 66. Re6 Rf5+ 67. Ke4 Ra5 68. Rd6 Ra3 69. Rd3 Ra5 70. Rd5
Ra3 71. Kf4 Kf6 72. Rd6+ Kg7 73. Re6 Kf7 74. Re3 (74. Re4 {keeps more tension.}
Kf6 75. Re8 Ra4+ 76. Ke3 Ra3+ 77. Ke2) 74... Ra5 75. Re5 Ra3 76. g4 hxg4 {
The position is equal.} 77. fxg4 Ra7 78. Re4 Ra5 79. g5 Rf5+ 80. Kg4 (80. Ke3 {
with more complications.} Kg7 81. Re7+ Kh8 82. Rc7 Kg8 83. Rc6) 80... Ra5 81.
Rf4+ Kg7 82. Rd4 Ra7 83. Kf4 Re7 84. Re4 (84. h5 {keeps more tension.} gxh5 85.
Rd6 Re1 86. Rh6 Rf1+ 87. Kg3) 84... Ra7 85. Ke5 Ra1 86. Rd4 Re1+ 87. Kd6 (87.
Kf4 {looks sharper.} Rf1+ 88. Kg3 Rg1+ 89. Kf2 Rb1 90. Rd7+) 87... Kf7 88. Rf4+
Kg7 89. Kd5 (89. Kc5 {with more complications.} Rc1+ 90. Kd4 Rd1+ 91. Ke3 Ra1
92. Rd4) 89... Ra1 90. Rc4 Rd1+ (90... Rb1 {is more complex.} 91. Rc7+ Kg8 92.
Ra7 Rb3 93. Ke6 Rb6+) 91. Ke4 Re1+ 92. Kd3 Rd1+ 93. Ke3 Re1+ 94. Kd2 $1 Rh1 95.
Re4 Rh3 96. Ke2 Kf7 97. Kf2 Ra3 98. Re3 Ra4 99. Kg3 Rb4 100. Rf3+ Kg7 101. Rf4
Rb3+ 102. Kg4 Rb1 103. Rd4 Rf1 104. Rd7+ Kg8 105. Re7 (105. Rd6 {feels hotter.}
Kh7 106. h5 Rg1+ 107. Kf4 Rf1+ 108. Kg3) 105... Kf8 106. Rc7 Kg8 107. Rc3 Kg7
108. Rd3 Rg1+ 109. Kf4 Rh1 110. Rd7+ Kg8 111. Ke5 {Strongly threatening Kf6.} (
111. Rd6 $5 {[%cal Rd6g6]} Kf7 112. Kg4 $14) 111... Rf1 112. Rd8+ Kg7 113. Rd7+
Kg8 114. Ke6 Rf4 115. Ke5 (115. Rd1 {seems wilder.} Rf3 116. Ke5 Rf5+ 117. Ke6
Rf3) 115... Rf5+ (115... Rf1 {is interesting.}) 116. Ke6 Rf4 117. Rc7 Rf1 118.
Rc8+ Kg7 119. Rc7+ Kg8 120. Rc8+ Kg7 {Weighted Error Value: White=0.06/Black=0.
05} 1/2-1/2